The mind of the Maker / (Record no. 31935)
[ view plain ]
| 000 -LEADER | |
|---|---|
| fixed length control field | 00813cam a22002651 4500 |
| 001 - CONTROL NUMBER | |
| control field | 31935 |
| 003 - CONTROL NUMBER IDENTIFIER | |
| rucl marc code | BD-RjUL |
| 005 - DATE AND TIME OF LATEST TRANSACTION | |
| control field | 20211209051752.0 |
| 008 - FIXED-LENGTH DATA ELEMENTS--GENERAL INFORMATION | |
| fixed length control field | 140423r19521941enk 000 0 eng d |
| 035 ## - SYSTEM CONTROL NUMBER | |
| System control number | (BD-RjUL)32024 |
| System control number | (OCoLC)3556125 |
| 040 ## - CATALOGING SOURCE | |
| Original cataloging agency | DLC |
| Transcribing agency | MiEM |
| Modifying agency | OCoLC |
| -- | MCED |
| -- | OCoLC |
| -- | DLC |
| -- | BD-RjUL |
| Language of cataloging | eng |
| 041 ## - LANGUAGE CODE | |
| Language code of text/sound track or separate title | eng |
| 082 00 - DEWEY DECIMAL CLASSIFICATION NUMBER | |
| Classification number | 201 |
| Author mark and year | SAM 1952. |
| 100 1# - MAIN ENTRY--PERSONAL NAME | |
| Personal name | Sayers, Dorothy L. |
| Fuller form of name | (Dorothy Leigh), |
| Dates associated with a name | 1893-1957. |
| 9 (RLIN) | 65368 |
| 245 14 - TITLE STATEMENT | |
| Title | The mind of the Maker / |
| Statement of responsibility, etc. | by Dorothy L. Sayers. |
| 260 ## - PUBLICATION, DISTRIBUTION, ETC. (IMPRINT) | |
| Place of publication, distribution, etc. | London : |
| Name of publisher, distributor, etc. | Methuen & Co. ltd, |
| Date of publication, distribution, etc. | 1941 [Reprinted 1952.] |
| 300 ## - PHYSICAL DESCRIPTION | |
| Pagination | xi, 186 p., 1 l. ; |
| Size | 19 cm. |
| 500 ## - GENERAL NOTE | |
| General note | "First published in 1941." |
| 650 #0 - SUBJECT ADDED ENTRY--TOPICAL TERM | |
| Topical term or geographic name as entry element | Christianity |
| General subdivision | Philosophy. |
| 9 (RLIN) | 266 |
| 942 ## - ADDED ENTRY ELEMENTS (KOHA) | |
| Source of classification or shelving scheme | Dewey Decimal Classification |
| Koha item type | Books |
| Lost status | Source of classification or shelving scheme | Damaged status | Not for loan | Collection code | Permanent Location | Current Location | Shelving location | Date acquired | Source of acquisition | Cost, normal purchase price | Total Checkouts | Full call number | Date last seen | Copy number | Koha item type | Date checked out |
|---|---|---|---|---|---|---|---|---|---|---|---|---|---|---|---|---|
| Dewey Decimal Classification | Not For Loan | Non-fiction | Central Library, University of Rajshahi | Central Library, University of Rajshahi | Reading Room | 06/09/1955 | B. H. Black Well | 8.60 | 201 SAM 1952 | 23/04/2014 | C-1 | Books | ||||
| Dewey Decimal Classification | Non-fiction | Central Library, University of Rajshahi | Central Library, University of Rajshahi | 04/04/1964 | Zeitlinger | 12.60 | 1 | 201 SAM 1959. | 08/03/2016 | C-2 | Books | 30/01/2016 |